Abnormal Psychology (Record no. 12399)
[ view plain ]
| 000 -LEADER | |
|---|---|
| fixed length control field | 00197nam a22000977a 4500 |
| 082 ## - DEWEY DECIMAL CLASSIFICATION NUMBER | |
| Classification number | 616.89 |
| 100 ## - MAIN ENTRY--AUTHOR NAME | |
| Personal name | Gerald Davison, John Neale |
| 245 ## - TITLE STATEMENT | |
| Title | Abnormal Psychology |
| 250 ## - EDITION STATEMENT | |
| Edition statement | 12th |
| 942 ## - ADDED ENTRY ELEMENTS (KOHA) | |
| Koha item type | Books |
| Withdrawn status | Lost status | Collection code | Permanent Location | Current Location | Shelving location | Date acquired | Full call number | Accession Number | Koha item type |
|---|---|---|---|---|---|---|---|---|---|
| | | Psychology | MAJU | MAJU | Shelf No.A35 | 2020-06-01 | 616.89 | 9329 | Psychology |